000 00391nam a22001697a 4500
005 20160624100331.0
008 160624b xxu||||| |||| 00| 0 eng d
020 _a81-7544-044-9
041 _aeng
082 _b9492
100 _aHarrison, Tony
_92435
245 _aThe Product Managers hand book
260 _bWheeler
_c1997
300 _a195
650 _aManagement
_9241
942 _cBK
999 _c3756
_d3755